[Event "SVK-chT1W 9798"]
[Site "SVK"]
[Date "1998.??.??"]
[Round "?"]
[White "Horvath, Marian"]
[Black "Motuz, Karol"]
[Result "1/2-1/2"]
[WhiteElo "2060"]
[BlackElo "2270"]

1.d4 Nf6 2.Nf3 g6 3.c4 Bg7 4.Nc3 O-O 5.e4 d6 6.Be2 e5 7.O-O Nc6 8.d5 Ne7
9.Ne1 c5 10.Rb1 Nd7 11.Nb5 Qb6 12.Be3 f5 13.f3 a6 14.Nc3 Qc7 15.b4 cxb4  1/2-1/2

[Event "SVK-chT1W 9798"]
[Site "SVK"]
[Date "1998.??.??"]
[Round "?"]
[White "Skreno, Vladimir"]
[Black "Veres, Aleksandar"]
[Result "1-0"]
[WhiteElo "2145"]
[BlackElo "1795"]

1.d4 Nf6 2.c4 g6 3.Nc3 Bg7 4.e4 d6 5.Nf3 O-O 6.Be2 e5 7.O-O Nc6 8.d5 Ne7
9.Ne1 Nd7 10.f3 f5 11.g4 f4 12.h4 Nf6 13.Ng2 a5 14.Bd2 Bd7 15.a3 a4 16.Rc1 b6
17.Nb5 Bxb5 18.cxb5 Qb8 19.Rc4 Qa7 20.Qc2 Rfc8 21.Rc1 Kf7 22.Rxc7 Rxc7 23.Qxc7 Qxc7
24.Rxc7 Rc8 25.Rxc8 Nxc8 26.Bd1 Na7 27.Bxa4 Nd7 28.b4 Bf6 29.Be1 Bd8 30.Bf2 h5
31.gxh5 gxh5 32.Bd1 Nf8 33.Be2 Ng6 34.a4 Nc8 35.Bf1 Ke8 36.Kh2 Kd7 37.Kh3 Kc7
38.Ne1 Kb7 39.Nc2 Na7 40.Na1 Ne7 41.Nb3 Bc7 42.Kh2 Nac8 43.Bh3 Ng8 44.Bf5 Nf6
45.Nd2 Ne7 46.Be6 Nc8 47.Nc4 Na7 48.Bf7 Nc8 49.a5 Ne7 50.Nxb6 Bxb6 51.Bxb6 Nd7
52.Bd8 Nc8 53.Bxh5  1-0

[Event "SVK-chT1W 9899"]
[Site "SVK"]
[Date "1998.??.??"]
[Round "3"]
[White "Markos, Jan"]
[Black "Sladecek, Jan"]
[Result "1-0"]
[WhiteElo "2185"]
[BlackElo "2185"]

1.d4 Nf6 2.c4 g6 3.Nc3 Bg7 4.e4 O-O 5.Nf3 d6 6.Be2 e5 7.O-O Nc6 8.d5 Ne7
9.b4 Nd7 10.Be3 f5 11.Ng5 Nf6 12.Bf3 f4 13.Bd2 h6 14.Ne6 Bxe6 15.dxe6 g5
16.Nd5 c6 17.Nxf6+ Rxf6 18.Bg4 Ng6 19.Bc3 Nf8 20.c5 Nxe6 21.cxd6 Nd4 22.Bxd4 exd4
23.e5 Rf8 24.Qxd4 Qe8 25.Rfe1 h5 26.d7 Qg6 27.Be2 Kh8 28.Rad1 Rad8 29.Bd3 Qe6
30.Qe4  1-0

[Event "SVK-chT1W 9899"]
[Site "SVK"]
[Date "1998.??.??"]
[Round "4"]
[White "Hrivnak, Martin"]
[Black "Strachan, Jan"]
[Result "1-0"]
[WhiteElo "2175"]
[BlackElo "2190"]

1.Nf3 Nf6 2.c4 g6 3.Nc3 Bg7 4.e4 O-O 5.d4 d6 6.Be2 Nc6 7.O-O e5 8.d5 Ne7
9.Ne1 c5 10.f4 a6 11.fxe5 dxe5 12.Nd3 Qd6 13.b4 b6 14.bxc5 bxc5 15.Be3 Nd7
16.Na4 f5 17.Ndxc5 Nf6 18.Bf3 Rb8 19.Nc3 Rb4 20.Qe2 f4 21.Bf2 g5 22.h3 h5
23.a3 g4 24.axb4 Ng6 25.Nd3 gxf3 26.Qxf3 Bg4 27.hxg4 hxg4 28.Qd1 g3 29.Bc5 Qd8
30.Bxf8 Bxf8 31.Rxa6 Bd6 32.c5 Qf8 33.Nf2 Qh6 34.Nh3 Nh4 35.Rxd6 Nxg2 36.Kxg2 Qxh3+  1-0

[Event "SWE-chT 9899"]
[Site "Sweden"]
[Date "1998.??.??"]
[Round "5"]
[White "Johansson, Victoria"]
[Black "Thornert, Hakan"]
[Result "0-1"]
[WhiteElo "2125"]
[BlackElo "2205"]

1.d4 Nf6 2.c4 g6 3.Nc3 Bg7 4.e4 d6 5.Nf3 O-O 6.Be2 e5 7.O-O Nc6 8.d5 Ne7
9.Nd2 c6 10.b4 a5 11.bxa5 Qxa5 12.Qc2 c5 13.Bb2 Nh5 14.Bxh5 gxh5 15.Nb5 Bh6
16.Nb3 Qd8 17.Qe2 Bg4 18.f3 Bc8 19.Nc1 Ng6 20.Nd3 f5 21.exf5 Bxf5 22.g3 h4
23.f4 hxg3 24.hxg3 exf4 25.Nxf4 Qg5 26.Ng2 Rae8 27.Qd1 Qxg3 28.Rf3 Be3+ 29.Kh1 Qg5
30.Rxe3 Rxe3 31.Bc1 Be4  0-1

[Event "EST-chT"]
[Site "Tallinn"]
[Date "1998.??.??"]
[Round "10"]
[White "Narva, Jaan"]
[Black "Cheutshenko, Robert"]
[Result "1-0"]
[WhiteElo "2295"]
[BlackElo "2365"]

1.d4 Nf6 2.c4 g6 3.Nc3 Bg7 4.e4 d6 5.Nf3 O-O 6.Be2 e5 7.O-O Nc6 8.d5 Ne7
9.Ne1 Nd7 10.a4 f5 11.f3 f4 12.a5 h5 13.b4 g5 14.Nd3 Nf6 15.Nf2 Ng6 16.c5 Rf7
17.a6 b6 18.c6 Bf8 19.Kh1 Rg7 20.Rg1 g4 21.fxg4 hxg4 22.g3 fxg3 23.hxg3 Nh5
24.Bxg4 Nxg3+ 25.Rxg3 Qh4+ 26.Rh3 Qxf2 27.Be3 Qf6 28.Bxc8 Rxc8 29.Qf3 Nf4
30.Rg1 Rxg1+ 31.Bxg1 Bg7 32.Rh2 Qg6 33.Bf2 Rf8 34.Qg3 Qe8 35.Nb5 Qc8 36.Rh4 Rf6
37.Qg4 Qxa6 38.Nxc7 Qd3 39.Ne8 Rg6 40.Nf6+ Bxf6 41.c7 Qf1+ 42.Bg1 Bxh4 43.c8=Q+ Kg7
44.Qgd7+  1-0

[Event "Tampere We HervS"]
[Site "Tampere"]
[Date "1998.??.??"]
[Round "2"]
[White "Mertanen, Janne"]
[Black "Luukkonen, Tommi"]
[Result "1/2-1/2"]
[WhiteElo "2180"]
[BlackElo "2160"]

1.d4 Nf6 2.c4 g6 3.Nc3 Bg7 4.e4 d6 5.Nf3 O-O 6.Be2 e5 7.O-O Nc6 8.d5 Ne7
9.b4 Nh5 10.Re1 Nf4 11.Bf1 a5 12.Ba3 axb4 13.Bxb4 Bg4 14.h3 Bxf3 15.Qxf3 c5
16.dxc6 Nxc6 17.a3 Nd4 18.Qd1 Nfe6 19.Nb5 Nc5 20.Nxd4 exd4 21.e5 Re8 22.exd6 Rxe1
23.Qxe1 Qxd6 24.g3 Rd8 25.Bg2 d3 26.Rd1 Bd4 27.Kh2 h5 28.Bd5 Qf6 29.Kg2 Qf5
30.Qf1 Ne4 31.Rxd3 Ng5 32.Rxd4 Rxd5 33.Rf4 Qxh3+ 34.Kg1 Rd4 35.Qc1 h4 36.Qe3 hxg3
37.fxg3 Rd1+ 38.Be1 Qd7 39.Rf1 Qg4 40.Bc3  1/2-1/2

[Event "Tampere ELO Taraus"]
[Site "Tampere"]
[Date "1998.??.??"]
[Round "5"]
[White "Molander, Riku"]
[Black "Vorobjov, Pavel"]
[Result "1-0"]
[WhiteElo "2235"]
[BlackElo "2110"]

1.Nf3 Nf6 2.c4 g6 3.Nc3 Bg7 4.d4 O-O 5.e4 d6 6.Be2 e5 7.O-O Nc6 8.d5 Ne7
9.Nd2 Nd7 10.b4 f5 11.a4 Nf6 12.f3 f4 13.c5 g5 14.Nc4 Ng6 15.Ba3 Rf7 16.b5 Bf8
17.b6 dxc5 18.bxc7 Rxc7 19.Qb3 Kh8 20.d6 Rc6 21.Rfd1 b6 22.Nb5 a6 23.Nc7 Rb8
24.Bb2 Nd7 25.Ne6 Qf6 26.Nxf8 Qxf8 27.Rd5 Qf6 28.Rad1 b5 29.Nxe5 Ngxe5 30.Rxe5 Nxe5
31.Qd5 Nxf3+ 32.Bxf3 Qxb2 33.Qxc6 g4 34.Qe8+ Kg7 35.d7 gxf3 36.Qe7+ Kg6 37.Rd6+  1-0

[Event "Tampere ELO Taraus"]
[Site "Tampere"]
[Date "1998.??.??"]
[Round "7"]
[White "Kiltti, Jyrki"]
[Black "Maki, Veijo"]
[Result "0-1"]
[WhiteElo "2190"]
[BlackElo "2390"]

1.d4 Nf6 2.c4 g6 3.Nc3 Bg7 4.e4 d6 5.Nf3 O-O 6.Be2 e5 7.O-O Nc6 8.d5 Ne7
9.Ne1 Nd7 10.Be3 f5 11.f3 f4 12.Bf2 g5 13.Nb5 b6 14.b4 a6 15.Nc3 Rf6 16.Nd3 Rh6
17.c5 Qe8 18.Kh1 bxc5 19.bxc5 Nf6 20.Qd2 Qh5 21.Bg1 g4 22.Na4 g3 23.cxd6 Qg5
24.dxe7 Rxh2+  0-1

[Event "Tatry op"]
[Site "Tatranska Lomnica"]
[Date "1998.??.??"]
[Round "6"]
[White "Jasny, Stanislav"]
[Black "Mrva, Martin"]
[Result "0-1"]
[WhiteElo "2190"]
[BlackElo "2445"]

1.d4 Nf6 2.c4 g6 3.Nc3 Bg7 4.e4 d6 5.Be2 O-O 6.Nf3 e5 7.O-O Nc6 8.d5 Ne7
9.Nd2 Nd7 10.Rb1 Kh8 11.b4 f5 12.Qc2 b6 13.Nb3 Nf6 14.f3 f4 15.c5 g5 16.cxd6 cxd6
17.Nb5 Ba6 18.a4 Rc8 19.Qd2 Bb7 20.Nxa7 Ra8 21.Nc6 Nxc6 22.dxc6 Bxc6 23.a5 g4
24.b5 gxf3 25.gxf3 Nxe4 26.Qe1 Bd5 27.Bd3 Ng5 28.Nd2 Rxa5 29.Ne4 Ra4 30.Kh1 Nxe4
31.fxe4 Bb7 32.Bc2 Rc4 33.Bd3 Rd4 34.Bc2 Qc8 35.Rb2 Qc4  0-1

[Event "Tatry op"]
[Site "Tatranska Lomnica"]
[Date "1998.??.??"]
[Round "9"]
[White "Likavsky, Tomas"]
[Black "Skreno, Vladimir"]
[Result "1-0"]
[WhiteElo "2315"]
[BlackElo "2165"]

1.d4 Nf6 2.c4 g6 3.Nc3 Bg7 4.e4 d6 5.Nf3 O-O 6.Be2 e5 7.O-O Nc6 8.d5 Ne7
9.Ne1 Nd7 10.Be3 f5 11.f3 f4 12.Bf2 g5 13.g4 fxg3 14.hxg3 Ng6 15.Qd2 Rf7
16.Ng2 Bf8 17.Be3 Nf4 18.Kf2 Qf6 19.Bd1 Be7 20.Rh1 Nxg2 21.Kxg2 Nf8 22.Be2 Ng6
23.Rh2 Rg7 24.Kh1 Bd7 25.Nb5 Bxb5 26.cxb5 Nh8 27.Rc1 Bd8 28.Rc3 c5 29.dxc6 Kf8
30.Qd5 h5 31.Rxh5  1-0

[Event "ROM-chT"]
[Site "Timisu de Sus"]
[Date "1998.??.??"]
[Round "1"]
[White "Kocsis, Levente"]
[Black "Sofronie, Iulian"]
[Result "1/2-1/2"]
[WhiteElo "2390"]
[BlackElo "2405"]

1.c4 Nf6 2.Nf3 g6 3.Nc3 Bg7 4.e4 d6 5.d4 O-O 6.Be2 e5 7.O-O Nc6 8.d5 Ne7
9.Ne1 Nd7 10.Nd3 f5 11.Bd2 Nf6 12.f3 f4 13.g4 g5 14.Kg2 Ng6 15.Be1 Rf7 16.Bf2 h5
17.h3  1/2-1/2

[Event "ROM-chT"]
[Site "Timisu de Sus"]
[Date "1998.??.??"]
[Round "4"]
[White "Atalik, Suat"]
[Black "Timoshenko, Georgy"]
[Result "0-1"]
[WhiteElo "2585"]
[BlackElo "2595"]

1.d4 Nf6 2.c4 g6 3.Nc3 Bg7 4.e4 d6 5.Nf3 O-O 6.Be2 e5 7.O-O Nc6 8.d5 Ne7
9.Ne1 Nd7 10.Be3 f5 11.f3 f4 12.Bf2 g5 13.Rc1 Ng6 14.c5 Nxc5 15.b4 Na6 16.Nb5 Rf7
17.Nxa7 Bd7 18.a4 h5 19.Nb5 Bh6 20.Rc4 Rg7 21.Kh1 Nf8 22.g3 fxg3 23.Bxg3 Ng6
24.Nd3 Nf4 25.Bxf4 gxf4 26.Rg1 Bg5 27.Bf1 Bh4 28.Rxg7+ Kxg7 29.Qc2 Kh6 30.Nc3 Qe7
31.Ne2 b6 32.Rc6 Bxc6 33.Qxc6 Rg8 34.Qb7 Nb8 35.Bh3 Qd8 36.a5 bxa5 37.bxa5 Nd7
38.Qc6 Nf6 39.Be6 Rg7 40.Qc1 Qb8 41.Ng3 Bxg3 42.hxg3 Qb3 43.Nxf4 Qxf3+ 44.Ng2+ Rg5  0-1

[Event "4 Nations-J"]
[Site "Tjele"]
[Date "1998.??.??"]
[Round "3"]
[White "Molander, Riku"]
[Black "Jensen, Bjarke"]
[Result "1-0"]
[WhiteElo "2235"]
[BlackElo "2130"]

1.Nf3 Nf6 2.c4 g6 3.Nc3 Bg7 4.d4 d6 5.e4 O-O 6.Be2 e5 7.O-O Nc6 8.d5 Ne7
9.Nd2 Nd7 10.b4 f5 11.c5 Nf6 12.f3 Kh8 13.Nc4 a6 14.cxd6 cxd6 15.Be3 b5 16.Nb6 Rb8
17.Nxc8 Rxc8 18.Rc1 fxe4 19.fxe4 Rxc3 20.Rxc3 Nxe4 21.Rxf8+ Qxf8 22.Ra3 Qc8
23.Bg4 Qb7 24.Be6 Nf6 25.Rd3 Nf5 26.Qc1 Nxe3 27.Qxe3 Bf8 28.Qf2 Be7 29.Rc3 Kg7
30.Rc6 Bd8 31.Qe3 a5 32.Rxd6 Bc7 33.Rc6 axb4 34.Qf2 Bb8 35.Kh1 Ba7 36.Qc2 Ne8
37.d6 Bb6 38.Qe4 Kf6 39.Bc8  1-0

[Event "RUS-Cup07"]
[Site "Tomsk"]
[Date "1998.??.??"]
[Round "8"]
[White "Vekshenkov, Nikolai"]
[Black "Iskusnyh, Sergei"]
[Result "1/2-1/2"]
[WhiteElo "2325"]
[BlackElo "2455"]

1.c4 g6 2.d4 Bg7 3.Nf3 Nf6 4.Nc3 O-O 5.e4 d6 6.Be2 e5 7.O-O Nc6 8.d5 Ne7
9.Nd2 a5 10.a3 Nd7 11.Rb1 f5 12.b4 Kh8 13.Qc2 Ng8 14.exf5 gxf5 15.f4 exf4
16.Nf3 axb4 17.axb4 Ndf6 18.Bxf4 Ne4 19.Nxe4 fxe4 20.Nd2 Bf5 21.Nb3 Qh4 22.Rbd1 Bg6
23.g3 Qh3 24.Qd2 Ra3 25.Nd4 e3 26.Bxe3 Be4 27.Bf3 Rd3 28.Qe2 Rxd1 29.Qxd1 Bxf3
30.Nxf3 Qg4 31.Ng5 Rxf1+ 32.Qxf1 Nh6 33.Qh3 Qxh3 34.Nxh3 Ng4 35.Bf4 b5 36.cxb5 Bd4+
37.Kg2 Nf6 38.Ng5 Nxd5 39.Bd2 Bc3 40.Bxc3+ Nxc3 41.Nf7+ Kg7 42.Nxd6 Nd5 43.Ne4 Kg6
44.Kf3 h5 45.Nc5 Kf5 46.Na6 Ke5 47.h3 Kf5 48.g4+ hxg4+ 49.hxg4+ Ke5 50.Nxc7 Nxc7
51.b6 Na6 52.b7 Nb8 53.Kg3 Kd6  1/2-1/2

[Event "BCF-ch"]
[Site "Torquay"]
[Date "1998.??.??"]
[Round "1"]
[White "Summerscale, Aaron"]
[Black "Jackson, Adrian"]
[Result "1-0"]
[WhiteElo "2440"]
[BlackElo "2230"]

1.Nf3 Nf6 2.c4 g6 3.Nc3 Bg7 4.e4 d6 5.d4 O-O 6.Be2 e5 7.O-O Nc6 8.d5 Ne7
9.Ne1 Nd7 10.Be3 f5 11.f3 f4 12.Bf2 g5 13.a4 Nf6 14.c5 h5 15.cxd6 cxd6 16.a5 g4
17.Nb5 gxf3 18.Bxf3 Ng4 19.Bxa7 Rxa7 20.Nxa7 Bd7 21.Qb3 Qc7 22.Nd3 Qb8 23.Qb6 Nc8
24.Nxc8 Rxc8 25.Rfc1 Bf6 26.Rxc8+ Qxc8 27.Rc1 Qb8 28.a6  1-0

[Event "Trinec op9798"]
[Site "Trinec"]
[Date "1998.??.??"]
[Round "?"]
[White "Shtyrenkov, Veniamen"]
[Black "Likavsky, Tomas"]
[Result "1-0"]
[WhiteElo "2460"]
[BlackElo "2240"]

1.d4 Nf6 2.c4 g6 3.Nc3 Bg7 4.e4 d6 5.Be2 O-O 6.Nf3 e5 7.O-O Nc6 8.d5 Ne7
9.Ne1 Ne8 10.g4 f5 11.f3 c5 12.Bd2 Kh8 13.h4 Bd7 14.Kg2 Qc8 15.Nd3 h5 16.exf5 gxf5
17.g5 f4 18.Rh1 Nf5 19.Nf2 Ng3 20.Re1 Nxe2 21.Qxe2 Rf7 22.Reb1 Bf5 23.Nfe4 Bf8
24.b4 b6 25.a4 Rb8 26.a5 Rfb7 27.axb6 axb6 28.Nb5 Qd8 29.Na7 Ra8 30.Nc6 Qc8
31.Rxa8 Qxa8 32.Bc3 Kg8 33.Ra1 Qc8 34.Kh2 Rc7 35.b5 Bg6 36.Ra3 Ng7 37.Nf6+ Kh8
38.Qa2 Qf5 39.Ra6 Rc8 40.Ne4 Qd7 41.Ra7 Rc7 42.Ra8 Rc8 43.Qa7 Qxa7 44.Rxa7 Nf5
45.Ra6 Nxh4 46.Nd2 Bd3 47.Rxb6 Nxf3+ 48.Nxf3 Bxc4 49.Nfxe5 dxe5 50.Bxe5+ Kg8
51.d6 Ra8 52.Ra6  1-0

[Event "Trinec op9798"]
[Site "Trinec"]
[Date "1998.??.??"]
[Round "?"]
[White "Likavsky, Tomas"]
[Black "Siekaniec, Jan"]
[Result "0-1"]
[WhiteElo "2240"]
[BlackElo "2205"]

1.d4 Nf6 2.c4 g6 3.Nc3 Bg7 4.e4 d6 5.Nf3 O-O 6.Be2 e5 7.O-O Nc6 8.d5 Ne7
9.Ne1 Nd7 10.Be3 f5 11.f3 Nf6 12.c5 Kh8 13.cxd6 cxd6 14.Rc1 Neg8 15.Qd2 Bd7
16.Nc2 h5 17.a4 f4 18.Bf2 g5 19.Na3 Ne8 20.Bb5 g4 21.Bxd7 Qxd7 22.Rc2 Ne7
23.Qe2 Ng6 24.Rfc1 g3 25.Be1 gxh2+ 26.Kxh2 Bf6 27.a5 Rg8 28.a6 bxa6 29.Qxa6 Qg7
30.Qf1 Bh4 31.Bxh4 Nxh4 32.Qf2 Qf6 33.Qf1 Rg3 34.Rf2 Nc7 35.Nc2 Rag8 36.Ne1 Nf5
37.exf5 Qh4+ 38.Kg1 Rh3  0-1

[Event "Trinec op9798"]
[Site "Trinec"]
[Date "1998.??.??"]
[Round "?"]
[White "Jerabek, Petr"]
[Black "Siekaniec, Jan"]
[Result "1-0"]
[WhiteElo "2210"]
[BlackElo "2205"]

1.d4 Nf6 2.c4 g6 3.Nc3 Bg7 4.e4 d6 5.Nf3 O-O 6.Be2 e5 7.O-O Nc6 8.d5 Ne7
9.b4 Nd7 10.a4 Kh8 11.Ba3 h6 12.c5 f5 13.cxd6 cxd6 14.Rc1 Nf6 15.Nd2 Neg8
16.b5 Rf7 17.Qb3 Bf8 18.Bf3 f4 19.Nc4 g5 20.b6 a6 21.Bb4 g4 22.Bd1 Ne8 23.Qa3 Qf6
24.Nb1 h5 25.Nbd2 Nh6 26.Rc3 Rg7 27.Qc1 Bd7 28.Na5 Rb8 29.Qa3 Kg8 30.Bb3 Nf7
31.Ba2 Ng5 32.Kh1 h4 33.Qc1 f3 34.Rg1 fxg2+ 35.Rxg2 g3 36.fxg3 Bh3 37.Rg1 Rc8
38.Bc4 Qf2 39.gxh4 Qxh4 40.Re3 Nf6 41.Qe1 Qxe1 42.Rexe1 Ng4 43.Rg3 Rd8 44.Be2 Nf6
45.Bd1 Rdd7 46.Bf3 Nxf3 47.Nxf3 Nh5 48.Rxh3  1-0

[Event "Trinec op9798"]
[Site "Trinec"]
[Date "1998.??.??"]
[Round "?"]
[White "Jerabek, Petr"]
[Black "Antoniewski, Rafal"]
[Result "0-1"]
[WhiteElo "2210"]
[BlackElo "2405"]

1.d4 Nf6 2.c4 g6 3.Nc3 Bg7 4.e4 d6 5.Nf3 O-O 6.Be2 e5 7.O-O Nc6 8.d5 Ne7
9.b4 Nh5 10.Re1 f5 11.Ng5 Nf6 12.c5 h6 13.cxd6 cxd6 14.Ne6 Bxe6 15.dxe6 fxe4
16.Be3 Kh7 17.Qb3 d5 18.Bc5 d4 19.Rad1 b6 20.Bxe7 Qxe7 21.Nb1 d3 22.Bf1 Ng4
23.Rxe4 Nxf2 24.Bxd3 Rad8 25.Re3 e4 26.Rxe4 Rxd3 27.Qxd3 Nxd3 28.Rxd3 Qf6
29.Rf3 Qb2 30.Rxf8 Qxb1+  0-1

[Event "POL-ch U20"]
[Site "Trzebinia"]
[Date "1998.??.??"]
[Round "2"]
[White "Miton, Kamil"]
[Black "Antoniewski, Rafal"]
[Result "0-1"]
[WhiteElo "2375"]
[BlackElo "2435"]

1.d4 Nf6 2.c4 g6 3.Nc3 Bg7 4.e4 d6 5.Be2 O-O 6.Nf3 e5 7.O-O Nc6 8.d5 Ne7
9.b4 Nh5 10.g3 f5 11.Ng5 Nf6 12.f3 h6 13.Ne6 Bxe6 14.dxe6 f4 15.Kg2 Kh7 16.b5 Ne8
17.Nd5 c6 18.Nxe7 Qxe7 19.bxc6 bxc6 20.Qa4 Nc7 21.Qxc6 Nxe6 22.Qd5 Nd4 23.Bd3 Rab8
24.Rf2 h5 25.Rb1 Rxb1 26.Bxb1 fxg3 27.hxg3 h4 28.f4 hxg3 29.Rf1 Ne2 30.Rh1+ Bh6
31.f5 Nf4+ 32.Bxf4 exf4 33.fxg6+ Kg7 34.Qd4+ Qe5 35.Qxa7+ Kxg6 36.Kf3 Bg7
37.Qd7 Ra8 38.a4 Rb8 39.Qg4+ Kf7 40.Qxf4+ Qxf4+ 41.Kxf4 g2 42.Rg1 Bd4 43.Rxg2 Rxb1
44.Ra2 Rf1+ 45.Kg4 Rc1 46.a5 Rxc4 47.a6 Ba7  0-1

[Event "POL-ch U20"]
[Site "Trzebinia"]
[Date "1998.??.??"]
[Round "7"]
[White "Mista, Aleksander"]
[Black "Antoniewski, Rafal"]
[Result "0-1"]
[WhiteElo "2240"]
[BlackElo "2435"]

1.d4 Nf6 2.c4 g6 3.Nc3 Bg7 4.e4 d6 5.Nf3 O-O 6.Be2 e5 7.O-O Nc6 8.d5 Ne7
9.b4 Nh5 10.Re1 f5 11.Ng5 Nf6 12.Bf3 c6 13.Bb2 h6 14.Ne6 Bxe6 15.dxe6 fxe4
16.Bxe4 d5 17.cxd5 cxd5 18.Bc2 e4 19.Na4 b6 20.f3 exf3 21.Qxf3 Qd6 22.Rad1 Rac8
23.Bb1 Rc4 24.Qb3 Ng4 25.g3 b5 26.Bxg7 Kxg7 27.Nc5 Nf2 28.Qb2+ d4 29.Rd2 Nh3+
30.Kg2 Ng5 31.Rf2 Rxc5 32.h4 Qd5+ 33.Kh2 Rxf2+ 34.Qxf2 Nf3+ 35.Kh3 Rc3 36.Re2 Rc1
37.Be4 Rh1+  0-1

[Event "RUS-ch sf"]
[Site "Tula"]
[Date "1998.??.??"]
[Round "9"]
[White "Gladyszev, Oleg"]
[Black "Kozak, Vadim"]
[Result "1-0"]
[WhiteElo "2390"]
[BlackElo "2320"]

1.d4 Nf6 2.c4 g6 3.Nc3 Bg7 4.e4 d6 5.Be2 O-O 6.Nf3 e5 7.O-O Nc6 8.d5 Ne7
9.Ne1 Nd7 10.Be3 f5 11.f3 f4 12.Bf2 g5 13.a4 Nf6 14.c5 Ng6 15.cxd6 cxd6 16.a5 Rf7
17.Nb5 g4 18.fxg4 Nxe4 19.Bxa7 Bd7 20.Bb6 Qf6 21.Nc7 Rc8 22.Rc1 Ng5 23.Nf3 Bh6
24.Nxg5 Bxg5 25.Bf3 Nh4 26.Rc3 Nxf3+ 27.Qxf3 Qg6 28.Rfc1 e4 29.Ne6 Re8 30.Qh3 Bxe6
31.dxe6 Qxe6 32.Qh5 Qg6 33.Rc8 Re7 34.Qxg6+ hxg6 35.Bd8 Kf7 36.Bxe7 Rxe7
37.R1c7 Ke6 38.Rxe7+ Bxe7 39.Rb8 d5 40.Rxb7 Bh4 41.a6 e3 42.Kf1 d4 43.Ke2  1-0

[Event "Turku We TSY"]
[Site "Turku"]
[Date "1998.??.??"]
[Round "2"]
[White "Tuominen, Risto"]
[Black "Heino, Juha"]
[Result "1/2-1/2"]
[WhiteElo "2190"]
[BlackElo "2115"]

1.d4 Nf6 2.c4 g6 3.Nc3 Bg7 4.e4 d6 5.Be2 O-O 6.Nf3 Nc6 7.O-O e5 8.d5 Ne7
9.Ne1 Nd7 10.Be3 f5 11.f3 f4 12.Bf2 g5 13.Nb5 a6 14.Na7 Nf6 15.Nxc8 Rxc8
16.c5 h5 17.Rc1 Kh7 18.Qb3 g4 19.Rc2 Ng6 20.Qxb7 Rb8 21.Qxa6 g3 22.hxg3 fxg3
23.Bxg3 h4 24.Bh2 Nh5 25.f4 Ng3 26.f5 Nf4 27.Bxg3 hxg3 28.Nf3 Qf6 29.Qa5 Rf7
30.a4 Rh8 31.Bb5 Qh6 32.Qe1 Nh5 33.Nh4 Bf6 34.Ng6 Bg5 35.Rf3 Rg8 36.a5 Bf4
37.a6 Nf6 38.Nxf4 exf4 39.Bd3 Qh2+ 40.Kf1 Qh1+ 41.Ke2 Qxg2+ 42.Rf2 f3+ 43.Kd1 gxf2
44.Rxf2 Qg3 45.Qh1+ Kg7 46.Rxf3 Qg4  1/2-1/2

[Event "JUG Cup"]
[Site "Ulcinj"]
[Date "1998.??.??"]
[Round "5"]
[White "Marcetic, Nikola"]
[Black "Dokic, Zoran"]
[Result "1-0"]
[WhiteElo "2330"]
[BlackElo "2190"]

1.d4 Nf6 2.c4 g6 3.Nc3 Bg7 4.e4 d6 5.Nf3 O-O 6.Be2 e5 7.O-O Nc6 8.d5 Ne7
9.b4 a5 10.Ba3 axb4 11.Bxb4 Nd7 12.a4 Bh6 13.Nd2 f5 14.Nb3 fxe4 15.Nxe4 Nf5
16.c5 Nf6 17.Nc3 Ne8 18.cxd6 cxd6 19.Nb5 Qh4 20.Bd2 Rxa4 21.g3 Rxa1 22.Nxa1 Qd8
23.Bxh6 Nxh6 24.Qd2 Kg7 25.Rc1 Ng4 26.Bxg4 Bxg4 27.Qe3 Qd7 28.Nc3 Bf3 29.Nc2 Nc7
30.Qd2 Nb5 31.Nxb5 Qxb5 32.Ne3 Rf7 33.Qa2 h5 34.Qa3 Qd7 35.Qb4 Qe7 36.Qb6 h4
37.Rc8 hxg3 38.hxg3 Qd7 39.Qd8 Qxd8 40.Rxd8 Rc7 41.g4 Kf6 42.Rf8+ Rf7 43.g5+ Kg7
44.Rd8 Rf4 45.Kh2 Be4 46.Kg1 Rh4 47.Kf1 Bf3 48.Ke1 Rd4 49.Rd7+ Kf8 50.Rxd6 b5
51.Rf6+  1-0

[Event "Champions op"]
[Site "USA"]
[Date "1998.??.??"]
[Round "?"]
[White "Vigorito, David"]
[Black "Casella, Michael"]
[Result "1-0"]
[WhiteElo "2385"]
[BlackElo "2345"]

1.Nf3 Nf6 2.c4 g6 3.Nc3 Bg7 4.e4 d6 5.d4 O-O 6.Be2 e5 7.O-O Nc6 8.d5 Ne7
9.b4 Nh5 10.Re1 Nf4 11.Bf1 f5 12.Bxf4 exf4 13.e5 dxe5 14.Nxe5 a5 15.b5 Bxe5
16.Rxe5 g5 17.c5 Ng6 18.Re1 Qf6 19.Qd2 Bd7 20.c6 Bc8 21.Rad1 bxc6 22.bxc6 f3
23.g3 Rd8 24.Nb5 Ba6 25.Nxc7 Bxf1 26.Rxf1 f4 27.d6 Ne5  1-0

[Event "Champions op"]
[Site "USA"]
[Date "1998.??.??"]
[Round "?"]
[White "Kaufman, Larry C"]
[Black "Casella, Michael"]
[Result "1-0"]
[WhiteElo "2410"]
[BlackElo "2345"]

1.d4 Nf6 2.c4 g6 3.Nc3 Bg7 4.e4 d6 5.Nf3 O-O 6.Be2 e5 7.O-O Nc6 8.d5 Ne7
9.Ne1 Nd7 10.Be3 f5 11.f3 f4 12.Bf2 g5 13.Rc1 Ng6 14.c5 dxc5 15.Nd3 b6 16.b4 cxb4
17.Nb5 Nf6 18.Nxc7 Rb8 19.Nxb4 g4 20.d6 gxf3 21.Bxf3 Qd7 22.Be2 Kh8 23.Bb5 Qg4
24.Qxg4 Bxg4 25.Nc6 Nxe4 26.Nxb8 Rxb8 27.h3 Bf5 28.d7 Nxf2 29.Rxf2 Nf8 30.Rd2 Rd8
31.Ne8 e4 32.Nxg7 Kxg7 33.Rd5 Kf6 34.Rc8 Ne6 35.Bc4  1-0

[Event "Vienna op 13th"]
[Site "Vienna"]
[Date "1998.??.??"]
[Round "?"]
[White "Mikhalevski, Victor"]
[Black "Gelbmann, Norbert"]
[Result "1-0"]
[WhiteElo "2545"]
[BlackElo "2250"]

1.d4 Nf6 2.c4 g6 3.Nc3 Bg7 4.e4 d6 5.Nf3 O-O 6.Be2 e5 7.O-O Nc6 8.d5 Ne7
9.b4 a5 10.Ba3 Nd7 11.bxa5 f5 12.Nd2 Rxa5 13.Bb4 Ra8 14.a4 Nf6 15.c5 dxc5
16.Bxc5 fxe4 17.Bc4 Kh8 18.Ndxe4 Ne8 19.d6 Nxd6 20.Bxd6 cxd6 21.Nxd6 Qb6
22.Rb1 Qd4 23.Nf7+ Rxf7 24.Bxf7 Nc6 25.Nb5 Qf4 26.Nd6 e4 27.Bd5 Bg4 28.Qxg4 Qxd6
29.Qxe4 Rf8 30.Rxb7  1-0

[Event "Vienna op 13th"]
[Site "Vienna"]
[Date "1998.??.??"]
[Round "?"]
[White "Epishin, Vladimir"]
[Black "Maiwald, Jens Uwe"]
[Result "1/2-1/2"]
[WhiteElo "2590"]
[BlackElo "2460"]

1.d4 g6 2.e4 d6 3.c4 Nf6 4.Nc3 Bg7 5.Nf3 O-O 6.Be2 e5 7.O-O Nc6 8.d5 Ne7
9.b4 Ne8 10.c5 f5 11.Ng5 h6 12.Ne6 Bxe6 13.dxe6 fxe4 14.cxd6 Nxd6 15.b5 Nef5
16.Qd5 c6 17.bxc6 bxc6 18.Qc5 Re8 19.Ba3 Bf8 20.Qxc6 Qc8 21.Qxc8 Raxc8 22.Rfc1 Rxe6
23.Bxd6 Rxd6 24.Nxe4 Rdc6 25.Rxc6 Rxc6 26.Rb1 Nd4 27.Bd3 Be7 28.h3 Rb6 29.Rxb6 axb6
30.Nd2 Kg7 31.Nc4 e4 32.Bxe4 Ne2+ 33.Kf1 Nc3 34.Bd3 Nxa2 35.Nxb6 Nc3 36.Nd7 Bd6
37.Ke1 Nd5 38.g3 Kf7 39.Bc4 Ke7 40.Bxd5  1/2-1/2

[Event "Vienna op 13th"]
[Site "Vienna"]
[Date "1998.??.??"]
[Round "?"]
[White "Karner, Christoph"]
[Black "Neumeier, Klaus"]
[Result "0-1"]
[WhiteElo "2155"]
[BlackElo "2255"]

1.d4 Nf6 2.c4 g6 3.Nc3 Bg7 4.e4 d6 5.Be2 O-O 6.Nf3 e5 7.O-O Nc6 8.d5 Ne7
9.Ne1 Nd7 10.Be3 f5 11.f3 f4 12.Bf2 g5 13.Rc1 Ng6 14.c5 Nxc5 15.b4 Na6 16.Nd3 b6
17.Qa4 Rf7 18.Rc2 h5 19.Rfc1 g4 20.Ne1 g3 21.Bxa6 Qh4 22.hxg3 fxg3 23.Be3 Qh2+
24.Kf1 Bh3 25.gxh3 Nh4 26.Bg1 Qh1 27.Nd1 Nxf3 28.Ke2 Qxg1 29.Nxf3 Rxf3 30.Kxf3 Rf8+
31.Ke2 Bh6  0-1

[Event "Vienna op 13th"]
[Site "Vienna"]
[Date "1998.??.??"]
[Round "?"]
[White "Stanec, Nikolaus"]
[Black "Timoshenko, Georgy"]
[Result "0-1"]
[WhiteElo "2485"]
[BlackElo "2560"]

1.c4 Nf6 2.Nc3 g6 3.e4 d6 4.d4 Bg7 5.Be2 O-O 6.Nf3 e5 7.O-O Nc6 8.d5 Ne7
9.Ne1 Nd7 10.Be3 f5 11.f3 f4 12.Bf2 g5 13.g4 fxg3 14.hxg3 Ng6 15.Ng2 a5 16.Ne3 Nc5
17.b3 Nf4 18.Be1 Rf6 19.gxf4 gxf4 20.Ng2 Rg6 21.Rf2 Kh8 22.Bf1 Qh4 23.Na4 Nxa4
24.bxa4 Qh3 25.Rc2 Bd7 26.c5 Bxa4 27.cxd6 cxd6 28.Qc1 Bxc2 29.Qxc2 Qxf3 30.Rb1 Qg4
31.Rxb7 f3  0-1

[Event "CHI-ch"]
[Site "Vina del Mar"]
[Date "1998.??.??"]
[Round "6"]
[White "Llanos, Guillermo"]
[Black "Schmidlin, Eric"]
[Result "1-0"]
[WhiteElo "2370"]
[BlackElo "2155"]

1.d4 Nf6 2.c4 g6 3.Nc3 Bg7 4.e4 d6 5.Nf3 O-O 6.Be2 e5 7.O-O Nc6 8.d5 Ne7
9.Ne1 Nd7 10.Nd3 f5 11.Bd2 Nf6 12.f3 f4 13.g4 fxg3 14.hxg3 Nh5 15.Kg2 c5
16.Be3 Kh8 17.Qd2 Ng8 18.Rh1 Rf7 19.Rh2 Bf6 20.Rah1 Be7 21.f4 exf4 22.gxf4 Nhf6
23.e5 Ng4 24.e6 Nxe3+ 25.Qxe3 Rg7 26.Ne4 Nf6 27.Ng5 Kg8 28.Nf2 b5 29.Nf7 Qe8
30.Ne4 Nxe4 31.Qxe4 bxc4 32.Rxh7 Rxh7  1-0

[Event "CHI-ch"]
[Site "Vina del Mar"]
[Date "1998.??.??"]
[Round "10"]
[White "Weiss, Fernando"]
[Black "Dumas Aviles, Alejandro"]
[Result "1-0"]
[WhiteElo "2155"]
[BlackElo "2220"]

1.d4 Nf6 2.c4 g6 3.Nc3 Bg7 4.e4 d6 5.Be2 O-O 6.Nf3 e5 7.O-O Nc6 8.d5 Ne7
9.Nd2 a5 10.Rb1 Nd7 11.a3 f5 12.b4 Kh8 13.Qc2 Nf6 14.f3 f4 15.c5 axb4 16.axb4 Neg8
17.Nc4 Rf7 18.Bd2 h5 19.Be1 g5 20.cxd6 cxd6 21.Nb5 Bf8 22.Bf2 g4 23.Bb6 Qd7
24.Nc7 Rb8 25.Ne6 Qe8 26.Bc7 Ra8 27.Nxd6 Bxd6 28.Bxd6 Bxe6 29.dxe6 Qxe6 30.Bc4 Qxd6
31.Bxf7 Qd7 32.Bb3 Rc8 33.Qb2 Qc7 34.Rbc1 Qb6+ 35.Qf2 Qd8 36.Rxc8 Qxc8 37.Qc5 Qe8
38.Kh1 h4 39.Bxg8 Kxg8 40.Qc7 Qh5 41.Qe7 h3 42.Rd1 hxg2+ 43.Kg1 Qf7 44.Rd8+ Kg7
45.Qxf7+ Kxf7 46.Kxg2 gxf3+ 47.Kxf3 b6 48.Rb8 Nd7 49.Rb7 Ke6 50.h4 Kd6 51.h5 Nf8
52.Rxb6+ Kc7 53.Rf6  1-0